000
00414nam a22001577a 4500
003
MPLRDC
005
20220104125736.0
008
210129b ||||| |||| 00| 0 eng d
082
_a
414.11 ZYXY
100
_a
新加坡中医学院编印
245
_a
新加坡生草药彩色图谱
_c
260
_a
_b
新加坡中医学院
_c
1978
300
_b
平
650
_a
中国医药--图说
942
_c
BK
_o
414.11 ZYXY
999
_c
29772
_d
29762